000 00767nam a2200181 i 4500
001 187780
003 ES-MaACL
005 20230906223028.0
008 180221s1933 gw |||| | spa d
245 0 0 _aIbero-América y Alemania
_b: obra colectiva sobre las relaciones amistosas, desarme e igualdad de derechos /
_cpublicada por Wilhelm Faupel, Adolf Grabowsky, M. Cruchaga Ossa, Karl Heinrich Panhorst, Werner v. Rheinbaben.
260 _aBerlin :
_bCarl Heymanns,
_c1933.
300 _aXVI, 317 p. :
_bil. ;
_c24 cm.
650 4 _aDesarme-
_zAlemania.
_9164294
650 0 4 _aGuerra mundial, 1914-1918-
_xPaz.
_913225
651 4 _aAmérica Latina-
_xRelaciones-
_zAlemania.
_9164295
700 1 _aFaupel, Wilhelm (
_d1873-1945)
_9164296
852 _aES-MaACL
_jA-1892
999 _c187780
_d187780